000 01825nam0a2200385 4500
001 RU\NLR\BIBL_A\011538665
005 20250626085741.0
010 _a978-5-4465-1577-6
_950
021 _aRU
_b2017-82753
_95907
035 _a(RuMoRGB)009439402
035 _a(NLR Aleph) 011538665
090 _a12183533
_c12183533
100 _a20171124d2017 |||y0rusy50 ca
101 0 _aeng
102 _aRU
105 _aac z 000zy
200 1 _aEvolution of management theories and their application in international business
_fKrishtal I. S., Rozhanskaia E. A., Surkova N. P.
210 _aМосква
_c[s.n.]
_d2017
215 _a[45] с.
_cил., портр.
_d21
320 _aБиблиогр. в конце кн. (20 назв.)
541 1 _aЭволюция теорий менеджмента и их применение в международном бизнесе.
606 1 _aПредпринимательство международное
_jУчебные издания для высших учебных заведений
_92103724
_3RU\NLR\AUTH\661272030
606 1 _aМенеджмент
_jУчебные издания для высших учебных заведений
_xИстория
_92134409
_3RU\NLR\AUTH\661287240
606 _aЭкономика. Экономические науки -- Мировая экономика -- Управление -- Менеджмент
_2rubbk
686 _aУ521.2,0
_2rubbk
686 1 _aУ5-13я73
686 1 _aУ21(0)я73
700 1 _aKrištal'
_bI.S.
_gIgor' Semenovič
701 1 _aRožanskaja
_bE.A.
_gElena Aleksandrovna
701 1 _aSurkova
_bN.P.
_gNatal'ja Petrovna
942 _cBOOK
980 _aNB